00526nam a2200193Ia 4500008004100000041001200041082001200053100004800065245004200113260002900155300000800184365000800192520001200200546001200212630004200224650001200266655001200278730004200290101110s9999 xx 000 0 und d aENGLISH bSR28658 aBangui P.S., Phatak V.V., Patil C.G. & etc. aA new course in physics paper-I SYBSc c2004bSheth Pub., Mumbai a168 b100 aPhysics aENGLISH aA new course in physics paper-I SYBSc aPhysics aPhysics aA new course in physics paper-I SYBSc